Statistics for Six Flags Great Adventure - Roller Coasters

Click here to take the quiz!

General Stats

  • This quiz has been taken 489 times
  • The average score is 7 of 10

Answer Stats

Answer% Correct
Kingda Ka
93%
El Toro
89%
Nitro
85%
Batman The Ride
82%
Superman Ultimate Flight
78%
Green Lantern
70%
Bizarro
60%
Skull Mountain
50%
The Dark Knight Coaster
34%
Rolling Thunder
33%

Score Distribution

Percentile by Number Answered

Percent of People with Each Score

Your Score History

You have not taken this quiz